Transportation Engineering and Planning / (Record no. 11518)
[ view plain ]
| 000 -LEADER | |
|---|---|
| fixed length control field | 01780cam a22003374a 4500 |
| 001 - CONTROL NUMBER | |
| control field | 11947371 |
| 005 - DATE AND TIME OF LATEST TRANSACTION | |
| control field | 20001016102401.0 |
| 008 - FIXED-LENGTH DATA ELEMENTS--GENERAL INFORMATION | |
| fixed length control field | 000320r20012005njua |rb 001 0 eng |
| 010 ## - LIBRARY OF CONGRESS CONTROL NUMBER | |
| LC control number | 00036738 |
| 020 ## - INTERNATIONAL STANDARD BOOK NUMBER | |
| International Standard Book Number | 0131973096 |
| 020 ## - INTERNATIONAL STANDARD BOOK NUMBER | |
| International Standard Book Number | 0130814199 |
| 040 ## - CATALOGING SOURCE | |
| Original cataloging agency | DLC |
| Transcribing agency | DLC |
| Modifying agency | DLC |
| 042 ## - AUTHENTICATION CODE | |
| Authentication code | pcc |
| 050 00 - LIBRARY OF CONGRESS CALL NUMBER | |
| Classification number | TA1145 |
| Item number | .P33 2001 |
| 082 00 - DEWEY DECIMAL CLASSIFICATION NUMBER | |
| Classification number | 629.04 |
| Edition number | 22 |
| Item number | PAP |
| 100 1# - MAIN ENTRY--PERSONAL NAME | |
| Personal name | Papacostas, C. S. |
| 9 (RLIN) | 4676 |
| 245 10 - TITLE STATEMENT | |
| Title | Transportation Engineering and Planning / |
| Statement of responsibility, etc | C.S. Papacostas, P.D. Prevedouros ; SI Conversion by Othman Che Puan. |
| 250 ## - EDITION STATEMENT | |
| Edition statement | SI ed. & 3rd ed. |
| 260 ## - PUBLICATION, DISTRIBUTION, ETC. (IMPRINT) | |
| Place of publication, distribution, etc | Upper Saddle River, NJ : |
| Name of publisher, distributor, etc | Prentice Hall, 2001 |
| Date of publication, distribution, etc | c2001. |
| 300 ## - PHYSICAL DESCRIPTION | |
| Extent | xviii, 685 p. : |
| Other physical details | ill. ; |
| Dimensions | 24 cm. |
| 504 ## - BIBLIOGRAPHY, ETC. NOTE | |
| Bibliography, etc | Includes bibliographical references and index. |
| 650 #0 - SUBJECT ADDED ENTRY--TOPICAL TERM | |
| Topical term or geographic name as entry element | Transportation engineering. |
| 9 (RLIN) | 4677 |
| 700 1# - ADDED ENTRY--PERSONAL NAME | |
| Personal name | Prevedouros, P. D. |
| Fuller form of name | (Panos D.), |
| Dates associated with a name | 1961- |
| 9 (RLIN) | 4678 |
| 700 1# - ADDED ENTRY--PERSONAL NAME | |
| Personal name | Puan, Othman Che |
| 9 (RLIN) | 4679 |
| 942 ## - ADDED ENTRY ELEMENTS (KOHA) | |
| Source of classification or shelving scheme | Dewey Decimal Classification |
| Item type | Book - Borrowing |
| Withdrawn status | Item status | Source of classification or shelving scheme | Damaged status | Not for loan | Vendor | Home library | Current library | Shelving location | Date acquired | Source of acquisition | Total Checkouts | Total Renewals | Full call number | Barcode | Date last seen | Date last borrowed | Koha item type | Cost, normal purchase price |
|---|---|---|---|---|---|---|---|---|---|---|---|---|---|---|---|---|---|---|
| Dewey Decimal Classification | Baccah | Central Library | Central Library | First floor | 10/05/2009 | 1 | 1 | 629.04 PAP | 000016339 | 15/07/2025 | 13/04/2011 | Book - Borrowing | ||||||
| Dewey Decimal Classification | Baccah | Central Library | Central Library | First floor | 10/05/2009 | 1 | 629.04 PAP | 000016340 | 15/07/2025 | 03/11/2013 | NB - Book (Non borrowing) | |||||||
| Dewey Decimal Classification | Baccah | Central Library | Central Library | First floor | 28/02/2010 | 4 | 49 | 629.04 PAP | 000019986 | 15/07/2025 | 10/10/2013 | Book - Borrowing | ||||||
| Dewey Decimal Classification | Baccah | Central Library | Central Library | First floor | 28/02/2010 | 629.04 PAP | 000002766 | 15/07/2025 | Book - Borrowing | 217.50 |